| 000 | 00481nam a2200181Ia 4500 | ||
|---|---|---|---|
| 999 |
_c16177 _d16177 |
||
| 003 | OSt | ||
| 005 | 20200606115858.0 | ||
| 008 | 190216s9999||||xx |||||||||||||| ||und|| | ||
| 020 | _a8121602343 | ||
| 040 | _cMESKC library | ||
| 082 |
_a891.433 _bSIV/A |
||
| 100 |
_aShivani _9428 |
||
| 245 | 0 |
_aAtithi / _cShivani |
|
| 260 |
_bHinth Pocket Books, _aDelhi: _c2003. |
||
| 300 | _a230p | ||
| 650 | _aHindi | ||
| 942 |
_cBK _2ddc _h891.433 _iSIV/A _k891.433 _mSIV/A |
||